000 00537nam a2200217Ia 4500
003 OSt
005 20220924143250.0
006 a|||||r|||| 00| 0
007 ta
008 220923b |||||||| |||| 00| 0 urd d
024 _a307479
037 _cTextual
040 _aARTS
_cARTS
_burd
041 _2urd
_aurd
082 _aw2OQ2,L2, 168G2
100 _aAhmad Mohenged
_9215229
245 0 _aUmra-e-hunood
260 _c1932
942 _hw2OQ2,L2, 168G2
_cTEXL
_2CC
999 _c453830
_d453830